000 01380nam a2200337 a 4500
001 ebr10676686
003 CaPaEBR
006 m u
007 cr cn|||||||||
008 101207s2011 nyua sb 001 0 eng d
010 _z 2010047540
020 _z9781612091341 (hardcover : alk. paper)
020 _z9781614707929 (e-book)
040 _aCaPaEBR
_cCaPaEBR
035 _a(OCoLC)756210527
050 1 4 _aQP514.2
_b.B574 2011eb
082 0 4 _a612/.015
_222
245 0 0 _aBiological aspects of human health and well-being
_h[electronic resource] /
_cTsisana Shartava, editor.
260 _aNew York :
_bNova Science Publishers,
_cc2011.
300 _axii, 277 p. :
_bill.
490 0 _aMedicine and biology research developments
500 _a"International journal of medical and biological frontiers, Volume 16, Issue 1/2."
504 _aIncludes bibliographical references and index.
533 _aElectronic reproduction.
_bPalo Alto, Calif. :
_cebrary,
_d2013.
_nAvailable via World Wide Web.
_nAccess may be limited to ebrary affiliated libraries.
650 0 _aBiochemistry.
650 0 _aClinical biochemistry.
655 7 _aElectronic books.
_2local
700 1 _aShartava, Tsisana.
710 2 _aebrary, Inc.
856 4 0 _uhttp://site.ebrary.com/lib/rucke/Doc?id=10676686
_zAn electronic book accessible through the World Wide Web; click to view
999 _c166452
_d166452